Magnetism, electrostatics, electricity & modern physics (Record no. 544214)

000 -LEADER
fixed length control field 00407nam a22001337a 4500
082 ## - DEWEY DECIMAL CLASSIFICATION NUMBER
Classification number 530
Author Mark ARO
-- L-6, P-17.
100 ## - MAIN ENTRY--PERSONAL NAME
Personal name Arora, C.L .M.Sc
9 (RLIN) 39782
245 ## - TITLE STATEMENT
Title Magnetism, electrostatics, electricity & modern physics
Statement of responsibility, etc. C.L. Arora, M.Sc
260 ## - PUBLICATION, DISTRIBUTION, ETC.
Place of publication, distribution, etc. Lucknow:
Name of publisher, distributor, etc. Premier Publishing Company,
Date of publication, distribution, etc. 1966.
300 ## - PHYSICAL DESCRIPTION
Extent 929 p.:
526 ## - STUDY PROGRAM INFORMATION NOTE
Program name 0
Interest level 0
Reading level 0
Title point value 530_000000000000000_ARO
650 ## - SUBJECT ADDED ENTRY--TOPICAL TERM
Topical term or geographic name entry element MCE
9 (RLIN) 379
942 ## - ADDED ENTRY ELEMENTS (KOHA)
Source of classification or shelving scheme
Koha item type Book
Holdings
Withdrawn status Lost status Source of classification or shelving scheme Damaged status Not for loan Permanent Location Current Location Date acquired Total Checkouts Full call number Barcode Date last seen Price effective from Koha item type
          Military College of Engineering (MCE) Military College of Engineering (MCE) 04/15/2014   530 ARO MCE-3362 04/15/2014 04/15/2014 Book
© 2023 Central Library, National University of Sciences and Technology. All Rights Reserved.